Normal view MARC view

Entry Personal Name

Number of records used in: 4

001 - CONTROL NUMBER

  • control field: 34081

003 - CONTROL NUMBER IDENTIFIER

  • control field: dpl

005 - DATE AND TIME OF LATEST TRANSACTION

  • control field: 20110901124552.0

008 - FIXED-LENGTH DATA ELEMENTS

  • fixed length control field: 110901|||a|||||| | ||| d

040 ## - CATALOGING SOURCE

  • Original cataloging agency: dpl
  • Transcribing agency: dpl

100 ## - HEADING--PERSONAL NAME

  • Personal name: Saxena, Vishal

670 ## - SOURCE DATA FOUND

  • Source citation: Work cat.: (dpl): Soni, Manish 34080, Internet application development /, 2007

670 ## - SOURCE DATA FOUND

  • Source citation: Work cat.: (dpl): Soni, Manish 34080, Internet application development /, 2007

© Delhi Public Library
Hit Counter
free hit counter